00923nam a22002537a 45000010005000000030006000050050017000110080041000280200018000690400029000870500010001160820010001261000019001362450081001552600039002363000059002754900030003345050008003645200173003725210029005455210020005746500042005947000033006363822FISKH20260129080750.0240515b cb ||||| |||| 00| 0 eng d a9780859531368 aFISKHbengcFISKHdFISKH aPZ8.3 a398.8 aKubler, Annie  aThe wheels on the bus : bgo round and round /cillustrated by Annie Kubler  aSwindon : bChild's play ; c2001  a16 unnumbered pages : bcolor illustrations ;c21 cm . aClassic Books with Holes  aF  aIn this version of the classic song, the wheels go round, the wipers go swish, the driver says "Tickets Please!" and so on, all around the town. Features die-cut pages.8 a300 bLexile estimate 8 aF bRaz-Plus  atransportation vchildren's fiction  aKubler, Annie eillustrator